| 000 | 00573nam a22002417a 4500 | ||
|---|---|---|---|
| 003 | UA-OsUOA | ||
| 001 | 87147 | ||
| 007 | ta | ||
| 008 | 20120914b un ||||| |||| 00| 0 ukr d | ||
| 100 | _aBrzoza Н. | ||
| 090 |
_a82.09 _bБ68 |
||
| 942 | _cBK | ||
| 040 |
_aUA-OsUOA _brus _cUA-OsUOA _dUA-OsUOA |
||
| 245 | _aДостоевський: Просторы движущегося сознания | ||
| 300 | _a103 с. | ||
| 955 | _a3 | ||
| 041 | _arus | ||
| 080 | _a82.09 | ||
| 020 | _a83-232-0564-7 | ||
| 260 |
_bPoznan _c1992 |
||
| 650 | 7 | _2UDC | |
| 999 |
_c373440 _d373440 |
||